000 00981cam a2200253 4500
001 ABS68830
008 050318n2005 000 0 eng u
035 _a(Sirsi) u129107
100 _aDownie, M.
245 _aEfficiency outcomes from space charging in UK higher education estates
260 _c2005
490 _aProperty Management
_v23(1) 2005, 33-42(10)
520 _aPaper investigates space performance indicators for evidence that space charging improves space use efficiency. Finds that the application of charging as a space management tool is ineffective as only 10 out of 31 indicators for the period 1998-2001 suggest an increase in effectiveness.
590 _aABS
650 _aProperty management
_96262
650 _aSPACE EFFICIENCY
650 _aSPACE PLANNING
650 _aFLOORSPACE
650 _aUNIVERSITIES
650 _aSPACE MANAGEMENT
650 _aHIGHER EDUCATION SECTOR
690 _aMANAGEMENT-FACILITIES MANAGEMENT
942 _n0
999 _c74948
_d74948